Central Library OPAC University of Rajshahi

আরণ্যক / (Record no. 41498)

MARC details
000 -LEADER
fixed length control field 00868nam a2200229 4500
001 - CONTROL NUMBER
control field 41498
003 - CONTROL NUMBER IDENTIFIER
rucl marc code BD-RjUL
005 - DATE AND TIME OF LATEST TRANSACTION
control field 20211209053410.0
008 - FIXED-LENGTH DATA ELEMENTS--GENERAL INFORMATION
fixed length control field 160531s1971 i a|||| |||| 00| f ben d
020 ## - INTERNATIONAL STANDARD BOOK NUMBER
Terms of availability IRs. 7.50
035 ## - SYSTEM CONTROL NUMBER
System control number (BD-RjUL)41616
040 ## - CATALOGING SOURCE
Original cataloging agency BD-RjUL
Language of cataloging ben
Transcribing agency BD-RjUL
Modifying agency BD-RjUL
041 ## - LANGUAGE CODE
Language code of text/sound track or separate title ben
082 ## - DEWEY DECIMAL CLASSIFICATION NUMBER
Edition number 23
Classification number 891.443
Author mark and year BAA 1971
100 ## - MAIN ENTRY--PERSONAL NAME
Personal name বন্দ্যোপাধ্যায়, বিভূতিভূষণ
9 (RLIN) 126072
245 10 - TITLE STATEMENT
Title আরণ্যক /
Statement of responsibility, etc. বিভূতিভূষণ বন্দ্যোপাধ্যায়
260 ## - PUBLICATION, DISTRIBUTION, ETC. (IMPRINT)
Place of publication, distribution, etc. কলিকাতা :
Name of publisher, distributor, etc. মিত্র ও ঘোষ,
Date of publication, distribution, etc. ১৯৭১ (১৩৭৮)
300 ## - PHYSICAL DESCRIPTION
Pagination [৬], ২৪০ পৃ. :
Illustrations চিত্র ;
Size ২৩ সেমি.
650 ## - SUBJECT ADDED ENTRY--TOPICAL TERM
Topical term or geographic name as entry element বাংলা উপন্যাস
9 (RLIN) 127539
Topical term or geographic name as entry element Bengali Fiction
9 (RLIN) 127540
942 ## - ADDED ENTRY ELEMENTS (KOHA)
Source of classification or shelving scheme Dewey Decimal Classification
Koha item type Books
Holdings
Lost status Source of classification or shelving scheme Damaged status Not for loan Collection code Permanent Location Current Location Shelving location Date acquired Source of acquisition Cost, normal purchase price Total Checkouts Full call number Date last seen Date checked out Copy number Koha item type Total Renewals Checked out
  Dewey Decimal Classification     Fiction Central Library, University of Rajshahi Central Library, University of Rajshahi   03/10/1974 Janathan Wren & co., London 7.00 12 B 891.443 BAA 1971 08/01/2026 23/12/2025 C-2 Books    
  Dewey Decimal Classification     Non-fiction Central Library, University of Rajshahi Central Library, University of Rajshahi   21/08/1973 Bharat Sarkar Kartik Podatto   14 B 891.443 BAA 1971 12/05/2026 12/05/2026 C-3 Books 1 08/06/2026